000 00428nam a2200181Ia 4500
001 74052
008 160804s9999||||xx |||||||||||||| ||und||
020 _a9780198724834
040 _cPK-LaUMT
082 _a 305.8924
_bBEL-A
100 _aBeller, Steven
245 _aAntisemitism/
_cBeller, Steven
250 _a2nd
260 _aOxford:
_bOxford University Press,
_c2015
300 _a143 p.
546 _aEN
942 _cBK
999 _c87196
_d87196